[Event "Aragon-chT Preferente A"]
[Site "Aragon"]
[Date "2015.01.24"]
[Round "1.47"]
[White "Saura Solano, Jose Luis"]
[Black "Gines Abad, Pedro"]
[Result "0-1"]
[WhiteElo "1764"]
[BlackElo "2036"]
[PlyCount "72"]
[EventDate "2015.01.24"]
[EventType "team-tourn"]
[EventRounds "11"]
[EventCountry "ESP"]
[SourceTitle "EXT 2017"]
[Source "ChessBase"]
[SourceDate "2016.10.25"]
[SourceVersion "1"]
[SourceVersionDate "2016.10.25"]
[SourceQuality "1"]
[WhiteTeam "Binefar"]
[BlackTeam "IberCaja II"]
[WhiteTeamCountry "ESP"]
[BlackTeamCountry "ESP"]

1. Nf3 Nf6 2. c4 e6 3. g3 Be7 4. Bg2 0-0 5. 0-0 d5 6. d4 dxc4 7. Qc2 a6 8. Qxc4 b5 9. Qc2 Bb7 10. b3 Nbd7 11. Nbd2 c5 12. Bb2 Rc8 13. Qd1 Qb6 14. Rc1 Rfd8 15. Ba3 Qa5 16. Bxc5 Nxc5 17. dxc5 Bxf3 18. Bxf3 Rxd2 19. Qe1 Rxc5 20. Rxc5 Bxc5 21. Qc1 Bb4 22. Qc8+ Rd8 23. Qc2 Rd2 24. Qc8+ Bf8 25. Rc1 Rxa2 26. Rc7 Qe1+ 27. Kg2 Ra1 28. g4 Ne4 29. Bxe4 Qh1+ 30. Kh3 Qxe4 31. Qe8 Qf4 32. Rc8 Qb4 33. Rc7 Qxb3+ 34. f3 e5 35. Qxe5 Ra4 36. Rc8 Qe6 0-1

[Event "Aragon-chT Preferente A"]
[Site "Aragon"]
[Date "2014.02.01"]
[Round "2.47"]
[White "Saura Solano, Jose Luis"]
[Black "Glaria Tevar, Salvador"]
[Result "0-1"]
[WhiteElo "1775"]
[BlackElo "1850"]
[PlyCount "56"]
[EventDate "2014.01.25"]
[EventType "team-tourn"]
[EventRounds "9"]
[EventCountry "ESP"]
[SourceTitle "EXT 2015"]
[Source "ChessBase"]
[SourceDate "2014.11.20"]
[SourceVersion "1"]
[SourceVersionDate "2014.11.20"]
[SourceQuality "1"]
[WhiteTeam "Binefar"]
[BlackTeam "San Jose"]
[WhiteTeamCountry "ESP"]
[BlackTeamCountry "ESP"]

1. Nf3 Nf6 2. c4 e6 3. d4 Bb4+ 4. Nc3 b6 5. g3 Bb7 6. Bg2 0-0 7. 0-0 Bxc3 8. bxc3 d6 9. Ba3 Nbd7 10. Re1 Qc8 11. Qc2 Be4 12. Qb3 c5 13. Rad1 Rd8 14. d5 exd5 15. cxd5 c4 16. Qb5 a6 17. Qc6 Bxf3 18. Bxf3 Nc5 19. Rd4 b5 20. Bxc5 dxc5 21. Rdd1 Ra7 22. d6 Rad7 23. Qb6 Qb8 24. Qxa6 Rxd6 25. Rxd6 Rxd6 26. Qa3 b4 27. Rb1 Rd1+ 28. Rxd1 bxa3 0-1